[Event "UK Armed Services Championship"]
[Site "Wittering"]
[Date "2024.04.06"]
[Round "3.17"]
[White "Rossetti, Oliver"]
[Black "Brewer, Sam"]
[Result "0-1"]
[WhiteElo "1762"]
[BlackElo "1397"]
[PlyCount "48"]
[EventDate "2024.04.05"]
[EventType "swiss"]
[EventRounds "7"]
[EventCountry "ENG"]
[SourceTitle "BritBase"]
[Source "John Saunders"]
[SourceDate "2024.05.09"]
[SourceVersion "1"]
[SourceVersionDate "2024.04.06"]
[SourceQuality "1"]

1. d4 Nf6 2. Bg5 e6 3. Nf3 d5 4. c4 Be7 5. Nc3 h6 6. Bxf6 Bxf6 7. e3 c6 8. Bd3
O-O 9. O-O Re8 10. b4 e5 11. dxe5 Bxe5 12. Nxe5 Rxe5 13. cxd5 cxd5 14. Bc4 Be6
15. e4 d4 16. f4 Bxc4 17. Rf2 Re8 18. Rd2 d3 19. Rc1 b5 20. Qf3 Nc6 21. a3 Nd4
22. Qg3 Nb3 23. Rcd1 Nxd2 24. Rxd2 Qd4+ 0-1

[Event "UK Armed Services Championship"]
[Site "Wittering"]
[Date "2024.04.06"]
[Round "3.18"]
[White "Reynolds, Ellis"]
[Black "Hill, Thomas"]
[Result "0-1"]
[WhiteElo "1305"]
[BlackElo "1675"]
[PlyCount "66"]
[EventDate "2024.04.05"]
[EventType "swiss"]
[EventRounds "7"]
[EventCountry "ENG"]
[SourceTitle "BritBase"]
[Source "John Saunders"]
[SourceDate "2024.05.09"]
[SourceVersion "1"]
[SourceVersionDate "2024.04.06"]
[SourceQuality "1"]

1. e4 e5 2. f4 exf4 3. Nf3 d5 4. e5 g5 5. h4 g4 6. Ng5 Bg7 7. d4 h6 8. Nxf7
Kxf7 9. h5 Qg5 10. Bd3 Ne7 11. g3 Bxe5 12. gxf4 Bxf4 13. Bxf4 Qg7 14. Rf1 Ke8
15. Bg6+ Nxg6 16. hxg6 Qe7+ 17. Be5 Rg8 18. Qd3 Nc6 19. Kd2 Nxe5 20. dxe5 Qg5+
21. Qe3 Qxe3+ 22. Kxe3 Rxg6 23. Nc3 c6 24. Rf6 Rxf6 25. exf6 Kf7 26. Rf1 Bd7
27. Rf4 Re8+ 28. Kf2 h5 29. Ne2 h4 30. c3 h3 31. Nd4 h2 32. Kg2 g3 33. Rf3 Bh3+
0-1

[Event "UK Armed Services Championship"]
[Site "Wittering"]
[Date "2024.04.06"]
[Round "3.19"]
[White "Knight, Christopher J"]
[Black "Lucas-Divers, Zamira"]
[Result "1-0"]
[WhiteElo "1669"]
[BlackElo "1363"]
[PlyCount "55"]
[EventDate "2024.04.05"]
[EventType "swiss"]
[EventRounds "7"]
[EventCountry "ENG"]
[SourceTitle "BritBase"]
[Source "John Saunders"]
[SourceDate "2024.05.09"]
[SourceVersion "1"]
[SourceVersionDate "2024.04.06"]
[SourceQuality "1"]

1. e4 e5 2. Nc3 Bb4 3. Nd5 a5 4. Qg4 g6 5. Nxb4 d6 6. Qf3 axb4 7. Bc4 Qf6 8. d3
h6 9. Bd2 Nc6 10. Bb5 Be6 11. b3 Qxf3 12. Nxf3 Nge7 13. Bxb4 O-O 14. Bxc6 Nxc6
15. Bc3 Rfd8 16. a4 f6 17. d4 Bg4 18. dxe5 Bxf3 19. gxf3 dxe5 20. Rd1 Rxd1+ 21.
Kxd1 Nd4 22. Bxd4 Rd8 23. Ke2 Rxd4 24. Rd1 f5 25. Rxd4 exd4 26. Kd3 c5 27. b4
b6 28. a5 1-0

[Event "UK Armed Services Championship"]
[Site "Wittering"]
[Date "2024.04.06"]
[Round "3.20"]
[White "Mawer, Thomas"]
[Black "Huyton, Paul M"]
[Result "1-0"]
[WhiteElo "1300"]
[BlackElo "1644"]
[PlyCount "43"]
[EventDate "2024.04.05"]
[EventType "swiss"]
[EventRounds "7"]
[EventCountry "ENG"]
[SourceTitle "BritBase"]
[Source "John Saunders"]
[SourceDate "2024.05.09"]
[SourceVersion "1"]
[SourceVersionDate "2024.04.06"]
[SourceQuality "1"]

1. e4 c6 2. Nc3 d5 3. exd5 cxd5 4. d4 Bf5 5. Bb5+ Nc6 6. Nf3 e6 7. O-O a6 8.
Ba4 b5 9. Bb3 Bg4 10. Re1 Nge7 11. a3 Nf5 12. Bxd5 Qd6 13. Bxc6+ Qxc6 14. d5
Qb6 15. dxe6 fxe6 16. Qd5 Rd8 17. Qxe6+ Qxe6 18. Rxe6+ Ne7 19. Rxa6 h6 20. Bf4
g5 21. Bc7 Rd7 22. Ra8+ 1-0

[Event "UK Armed Services Championship"]
[Site "Wittering"]
[Date "2024.04.06"]
[Round "3.21"]
[White "Goodman, Paul"]
[Black "Bradley, Eric"]
[Result "1-0"]
[WhiteElo "1640"]
[BlackElo "1317"]
[PlyCount "129"]
[EventDate "2024.04.05"]
[EventType "swiss"]
[EventRounds "7"]
[EventCountry "ENG"]
[SourceTitle "BritBase"]
[Source "John Saunders"]
[SourceDate "2024.05.09"]
[SourceVersion "1"]
[SourceVersionDate "2024.04.06"]
[SourceQuality "1"]

1. d4 c6 2. c4 Qc7 3. Nf3 d6 4. Nc3 h6 5. e4 Nd7 6. Bd3 Ngf6 7. h3 e5 8. d5 Be7
9. Be3 g5 10. g4 Nf8 11. Qd2 Ng6 12. b4 Nf4 13. Bxf4 gxf4 14. a4 Bd7 15. b5 c5
16. a5 b6 17. a6 O-O-O 18. O-O-O Rdg8 19. Rdg1 h5 20. g5 Nh7 21. h4 Bg4 22. Be2
f6 23. gxf6 Nxf6 24. Ng5 Bd8 25. Bxg4+ hxg4 26. Ne6 Qe7 27. Kc2 Nd7 28. Ng5
Rxg5 29. hxg5 Rxh1 30. Rxh1 Qxg5 31. Ne2 Nf6 32. Kd3 Qg6 33. Nc3 g3 34. fxg3
Qxg3+ 35. Kc2 f3 36. Rf1 Ng4 37. Nd1 Nh2 38. Rf2 Bg5 39. Qe1 Bh4 40. Kd3 Qf4
41. Qg1 Ng4 42. Rf1 f2 43. Qg2 Qg3+ 44. Qxg3 Bxg3 45. Ke2 Nh2 46. Nxf2 Nxf1 47.
Kxf1 Kd7 48. Ng4 Ke7 49. Nh6 Kd7 50. Nf5 Bf4 51. Kf2 Bg5 52. Kf3 Be7 53. Kg4
Ke8 54. Kh5 Kf7 55. Nxe7 Kxe7 56. Kg6 Ke8 57. Kf6 Kd7 58. Kf7 Kc7 59. Ke6 Kd8
60. Kxd6 Ke8 61. Kxe5 Kd7 62. Kf6 Kd8 63. e5 Ke8 64. Ke6 Kd8 65. Kd6 1-0

[Event "UK Armed Services Championship"]
[Site "Wittering"]
[Date "2024.04.06"]
[Round "3.23"]
[White "Duxbury, Daniel"]
[Black "Knipe, Matthew"]
[Result "0-1"]
[WhiteElo "1260"]
[BlackElo "1639"]
[PlyCount "36"]
[EventDate "2024.04.05"]
[EventType "swiss"]
[EventRounds "7"]
[EventCountry "ENG"]
[SourceTitle "BritBase"]
[Source "John Saunders"]
[SourceDate "2024.05.09"]
[SourceVersion "1"]
[SourceVersionDate "2024.04.06"]
[SourceQuality "1"]

1. c4 e5 2. Nc3 Nf6 3. e3 Bb4 4. Nge2 O-O 5. g3 d5 6. cxd5 Nxd5 7. Bg2 Be6 8.
O-O c6 9. a3 Ba5 10. b4 Bc7 11. Bb2 Qd7 12. Na4 b6 13. Rc1 Bh3 14. d4 Bxg2 15.
Kxg2 f6 16. Nac3 Bd6 17. Qb3 Qe6 18. e4 Ne3+ 0-1

[Event "UK Armed Services Championship"]
[Site "Wittering"]
[Date "2024.04.06"]
[Round "3.24"]
[White "Nelder, Alan J"]
[Black "Drummond, Iestyn"]
[Result "1-0"]
[WhiteElo "1628"]
[BlackElo "1300"]
[PlyCount "137"]
[EventDate "2024.04.05"]
[EventType "swiss"]
[EventRounds "7"]
[EventCountry "ENG"]
[SourceTitle "BritBase"]
[Source "John Saunders"]
[SourceDate "2024.05.09"]
[SourceVersion "1"]
[SourceVersionDate "2024.04.06"]
[SourceQuality "1"]

1. e4 e6 2. d4 d5 3. Nd2 Bd7 4. Bd3 a6 5. Ne2 Bb5 6. Bxb5+ axb5 7. Ng3 Ne7 8.
c3 Ng6 9. Nf3 c6 10. O-O Be7 11. exd5 Qxd5 12. a3 O-O 13. Re1 Nd7 14. b3 Rfd8
15. a4 b4 16. c4 Qa5 17. Bd2 Nb6 18. Nf1 Bf6 19. Be3 e5 20. c5 Nd5 21. Qc2 Nxe3
22. Nxe3 exd4 23. Nc4 d3 24. Qd1 Qa7 25. Rc1 Qxc5 26. Re3 Nf4 27. Kf1 Bc3 28.
g3 Ne2 29. Rb1 b5 30. axb5 cxb5 31. Nb2 Ra2 32. Rxd3 Rxd3 33. Qxd3 Bxb2 34.
Qxe2 Qc6 35. Rxb2 Rxb2 36. Qxb2 Qxf3 37. Qd2 h5 38. Qxb4 Qh1+ 39. Ke2 Qxh2 40.
Qxb5 f6 41. b4 g5 42. Qa5 {Both scoresheets give 42.Qe7 here, but then move 44
does not make sense, but scoresheets agree on remaining moves.} h4 43. gxh4
Qxh4 44. Qc5 Qe4+ 45. Kd2 Qf4+ 46. Kc3 Kf7 47. b5 Qc1+ 48. Kb4 Qf4+ 49. Qc4+
Qxc4+ 50. Kxc4 Ke7 51. Kd5 Kd7 52. b6 f5 53. Ke5 Kc6 54. Kxf5 Kxb6 55. Kxg5 Kc7
56. Kf6 Kd6 57. f4 Kd7 58. Kf7 Kd6 59. f5 Ke5 60. f6 Kf5 61. Kg7 Kg5 62. f7 Kg4
63. f8=Q Kg3 64. Kg6 Kg2 65. Kg5 Kg3 66. Qf4+ Kh3 67. Qg4+ Kh2 68. Kf4 Kh1 69.
Kf3 1-0

[Event "UK Armed Services Championship"]
[Site "Wittering"]
[Date "2024.04.06"]
[Round "3.25"]
[White "Rai, Silas"]
[Black "Price, Jamie"]
[Result "1-0"]
[WhiteElo "1600"]
[BlackElo "1300"]
[PlyCount "105"]
[EventDate "2024.04.05"]
[EventType "swiss"]
[EventRounds "7"]
[EventCountry "ENG"]
[SourceTitle "BritBase"]
[Source "John Saunders"]
[SourceDate "2024.05.09"]
[SourceVersion "1"]
[SourceVersionDate "2024.04.06"]
[SourceQuality "1"]

1. e4 e5 2. Nf3 Nc6 3. d4 d6 4. Nc3 Nf6 5. Bc4 Be7 6. Be3 Bg4 7. Qd2 a6 8. Nh4
Nxe4 9. Nxe4 Bxh4 10. Ng3 exd4 11. Bxd4 Qe7+ 12. Be3 b5 13. Bd5 Qd7 14. Bg5
Bxg5 15. Qxg5 O-O 16. O-O Rab8 17. Bxc6 Qxc6 18. Qxg4 Rfe8 19. c3 a5 20. Rfe1
b4 21. Nf5 g6 22. Ne7+ Rxe7 23. Rxe7 bxc3 24. bxc3 Qb6 25. h3 Qb2 26. Rae1 Qxc3
27. Re8+ Rxe8 28. Rxe8+ Kg7 29. Qa4 d5 30. Ra8 d4 31. Rxa5 c5 32. Ra8 d3 33.
Rc8 d2 34. Qe8 Qa1+ 35. Kh2 d1=Q 36. Qf8+ Kf6 37. Rc6+ Kg5 38. h4+ Kxh4 39.
Qe7+ Kh5 40. Rxc5+ Kh6 41. Re5 Qh1+ 42. Kg3 Qc3+ 43. f3 Kg7 44. Re3 Qb2 45. Re2
Qb8+ 46. Kf2 h6 47. Qe4 h5 48. Qd4+ Kh6 49. Re5 g5 50. Re4 f5 51. Qf6+ Kh7 52.
Re7+ Kg8 53. Qg7# 1-0

[Event "UK Armed Services Championship"]
[Site "Wittering"]
[Date "2024.04.06"]
[Round "3.26"]
[White "Chapman, Chas"]
[Black "Finn, Matthew"]
[Result "1/2-1/2"]
[WhiteElo "1546"]
[BlackElo "1200"]
[PlyCount "81"]
[EventDate "2024.04.05"]
[EventType "swiss"]
[EventRounds "7"]
[EventCountry "ENG"]
[SourceTitle "BritBase"]
[Source "John Saunders"]
[SourceDate "2024.05.09"]
[SourceVersion "1"]
[SourceVersionDate "2024.04.06"]
[SourceQuality "1"]

1. e4 e5 2. Nf3 Nc6 3. Bc4 f6 4. d3 Bc5 5. O-O Nge7 6. Re1 d5 7. exd5 Nxd5 8.
Nc3 Nxc3 9. bxc3 Qd6 10. h3 Be6 11. Bxe6 Qxe6 12. Be3 Bxe3 13. Rxe3 O-O-O 14.
Qe2 Rhe8 15. Re4 Qd6 16. d4 f5 17. Re3 e4 18. Nd2 Na5 19. f3 exf3 20. Nxf3 Rxe3
21. Qxe3 Nc4 22. Qg5 g6 23. Re1 c5 24. Re7 Rd7 25. Rxd7 Kxd7 26. Qc1 b6 27. Qb1
Kc7 28. Qb5 Qd5 29. Qe8 Qd7 30. Qxd7+ Kxd7 31. dxc5 bxc5 32. Kf2 Na3 33. Ne1
Kd6 34. Ke3 Nc4+ 35. Kd3 Kd5 36. Nf3 Nb2+ 37. Kd2 c4 38. Nd4 a6 39. Nf3 h6 40.
Nh4 g5 41. Nxf5 1/2-1/2

[Event "UK Armed Services Championship"]
[Site "Wittering"]
[Date "2024.04.06"]
[Round "3.27"]
[White "Margarson, Martyn"]
[Black "O'Neill, Stephen G"]
[Result "0-1"]
[WhiteElo "1200"]
[BlackElo "1536"]
[PlyCount "108"]
[EventDate "2024.04.05"]
[EventType "swiss"]
[EventRounds "7"]
[EventCountry "ENG"]
[SourceTitle "BritBase"]
[Source "John Saunders"]
[SourceDate "2024.05.09"]
[SourceVersion "1"]
[SourceVersionDate "2024.04.06"]
[SourceQuality "1"]

1. e4 e6 2. Nf3 d5 3. Bd3 g6 4. O-O Bg7 5. e5 Nc6 6. Bb5 Nge7 7. d4 O-O 8. Bxc6
Nxc6 9. Bg5 f6 10. exf6 Bxf6 11. Qd2 Bxg5 12. Nxg5 Nxd4 13. h4 Qf6 14. f3 h6
15. c3 Nf5 16. g4 Nxh4 17. f4 hxg5 18. Qf2 Qxf4 19. Qxf4 Rxf4 20. Nd2 Rxg4+ 21.
Kh1 Kg7 22. Rf2 Nf5 23. Rg2 Rxg2 24. Kxg2 Bd7 25. Re1 Rh8 26. Nf3 Kf6 27. Ne5
Bb5 28. Ng4+ Ke7 29. Kf2 Bc6 30. Ne5 Rh2+ 31. Kg1 Rxb2 32. a3 Rc2 33. Nxg6+ Kf6
34. Nf8 Rxc3 35. Nxe6 Re3 36. Rxe3 Nxe3 37. Nxc7 d4 38. Kf2 Nc2 39. Ke2 Nxa3
40. Kd3 Nb5 41. Nxb5 Bxb5+ 42. Kxd4 Kf5 43. Kc5 Bc6 44. Kd6 g4 45. Kc7 g3 46.
Kb8 a5 47. Ka7 g2 48. Kb6 a4 49. Ka7 g1=Q+ 50. Kb8 a3 51. Kc7 a2 52. Kd6 a1=Q
53. Kc7 Qe5+ 54. Kd8 Qg8# 0-1

[Event "UK Armed Services Championship"]
[Site "Wittering"]
[Date "2024.04.06"]
[Round "3.28"]
[White "Pun Magar, Bijay"]
[Black "Shrestha, Yubraj"]
[Result "1-0"]
[WhiteElo "1532"]
[BlackElo "1200"]
[PlyCount "73"]
[EventDate "2024.04.05"]
[EventType "swiss"]
[EventRounds "7"]
[EventCountry "ENG"]
[SourceTitle "BritBase"]
[Source "John Saunders"]
[SourceDate "2024.05.09"]
[SourceVersion "1"]
[SourceVersionDate "2024.04.06"]
[SourceQuality "1"]

1. e4 e6 2. d4 Nf6 3. e5 Ng8 4. Nf3 b6 5. Bb5 h6 6. O-O Bb7 7. Be3 Ne7 8. Nbd2
Nf5 9. c3 Nxe3 10. fxe3 a6 11. Bd3 Nc6 12. Be4 Na5 13. Bxb7 Nxb7 14. Ne4 Na5
15. Qe2 Nc6 16. Rf2 Ne7 17. Raf1 d6 18. Nfd2 Kd7 19. exd6 cxd6 20. Rxf7 d5 21.
Ng3 Kc8 22. Qg4 Kd7 23. Nf3 h5 24. Nxh5 Kd6 25. Qg3+ Kc6 26. Ne5+ Kb7 27. Nf4
Qd6 28. Nfg6 a5 29. Nxf8 Ka6 30. Qxg7 Rg8 31. Qh7 Rgxf8 32. Rxf8 Rxf8 33. Rxf8
Nf5 34. Ra8+ Kb5 35. Qg6 Nxe3 36. b3 Qa3 37. Qe8# 1-0

[Event "UK Armed Services Championship"]
[Site "Wittering"]
[Date "2024.04.06"]
[Round "3.29"]
[White "Arrowsuch, Samuel"]
[Black "Pitchers, Michael"]
[Result "1/2-1/2"]
[WhiteElo "1150"]
[BlackElo "1528"]
[PlyCount "133"]
[EventDate "2024.04.05"]
[EventType "swiss"]
[EventRounds "7"]
[EventCountry "ENG"]
[SourceTitle "BritBase"]
[Source "John Saunders"]
[SourceDate "2024.05.09"]
[SourceVersion "1"]
[SourceVersionDate "2024.04.06"]
[SourceQuality "1"]

1. e4 d6 2. d4 Nf6 3. Nc3 g6 4. Bf4 Nbd7 5. e5 Nh5 6. Qd2 Nxf4 7. Qxf4 dxe5 8.
dxe5 Bg7 9. Nf3 e6 10. O-O-O O-O 11. g4 Qe7 12. Bd3 Qc5 13. Ne4 Qa5 14. Nf6+
Bxf6 15. exf6 Qxa2 16. Bc4 Qa1+ 17. Kd2 Qa5+ 18. Ke2 e5 19. Qg5 Qc5 20. Rxd7
Qxc4+ 21. Rd3 Qf4 22. Qxf4 exf4 23. g5 Bf5 24. Rd2 Bg4 25. Rd3 Rfe8+ 26. Kd2
Rad8 27. Nd4 c5 28. Nb5 Bf5 29. Rxd8 Rxd8+ 30. Kc3 b6 31. Nc7 Kf8 32. Re1 Bd7
33. Kc4 Rc8 34. Nd5 b5+ 35. Kb3 Be6 36. c4 Rd8 37. Rd1 a5 38. cxb5 Rxd5 39.
Rxd5 Bxd5+ 40. Ka4 Ke8 41. Kxa5 Kd7 42. Kb6 Kd6 43. Ka7 Ke5 44. b6 Kf5 45. b7
Bxb7 46. Kxb7 Kxg5 47. Kc6 Kg4 48. Kxc5 Kf3 49. b4 Kxf2 50. b5 Kg1 51. b6 f3
52. b7 f2 53. b8=Q f1=Q 54. Qg3+ Qg2 55. Qxg2+ Kxg2 56. h4 Kg3 57. Kd6 Kxh4 58.
Ke7 g5 59. Kxf7 g4 60. Ke7 g3 61. f7 g2 62. f8=Q g1=Q 63. Qh6+ Kg3 64. Qg5+ Kf2
65. Qxg1+ Kxg1 66. Kf6 h5 67. Kg5 1/2-1/2

[Event "UK Armed Services Championship"]
[Site "Wittering"]
[Date "2024.04.06"]
[Round "3.30"]
[White "Fox, Thomas"]
[Black "Ahmad, Hasan"]
[Result "1-0"]
[WhiteElo "1500"]
[BlackElo "1098"]
[PlyCount "57"]
[EventDate "2024.04.05"]
[EventType "swiss"]
[EventRounds "7"]
[EventCountry "ENG"]
[SourceTitle "BritBase"]
[Source "John Saunders"]
[SourceDate "2024.05.09"]
[SourceVersion "1"]
[SourceVersionDate "2024.04.06"]
[SourceQuality "1"]

1. e4 c6 2. d4 d5 3. e5 Bf5 4. Bd3 e6 5. Bxf5 exf5 6. Nf3 Nd7 7. O-O c5 8. c3
g6 9. Re1 Be7 10. e6 fxe6 11. Rxe6 Nf8 12. Re1 Qd6 13. Na3 O-O-O 14. Nb5 Qb6
15. a4 c4 16. Ne5 Nf6 17. Nf7 Rd7 18. Nxh8 a6 19. Bf4 Ne6 20. Na7+ Qxa7 21.
Rxe6 Ne4 22. f3 g5 23. fxe4 gxf4 24. exf5 Qb8 25. f6 Kc7 26. fxe7 Rxe7 27.
Rxe7+ Kd6 28. Qe2 Qxh8 29. Qe6# 1-0

[Event "UK Armed Services Championship"]
[Site "Wittering"]
[Date "2024.04.06"]
[Round "3.32"]
[White "Blair, Jimmy"]
[Black "Hutton, Michael"]
[Result "1-0"]
[WhiteElo "1473"]
[BlackElo "600"]
[PlyCount "89"]
[EventDate "2024.04.05"]
[EventType "swiss"]
[EventRounds "7"]
[EventCountry "ENG"]
[SourceTitle "BritBase"]
[Source "John Saunders"]
[SourceDate "2024.05.09"]
[SourceVersion "1"]
[SourceVersionDate "2024.04.06"]
[SourceQuality "1"]

1. e4 e5 2. Nf3 f6 3. Bc4 Nc6 4. O-O Bc5 5. c3 d6 6. b4 Bb6 7. Qb3 Nge7 8. Bf7+
Kf8 9. a4 a5 10. b5 Qd7 11. bxc6 Nxc6 12. Bd5 Ne7 13. Qd1 Nxd5 14. exd5 Qf7 15.
d3 Qg6 16. Nh4 Qf7 17. Qf3 g5 18. Nf5 h5 19. Ba3 Bc5 20. Bxc5 dxc5 21. d6 g4
22. Qe4 Bxf5 23. Qxf5 cxd6 24. Nd2 d5 25. Rab1 Rh6 26. c4 Qg6 27. Qxg6 Rxg6 28.
Rxb7 Rd8 29. f4 exf4 30. Rxf4 h4 31. Rf5 g3 32. Rh5 Kg8 33. Rbh7 Re8 34. Rh8+
Kf7 35. R5h7+ Rg7 36. Rxg7+ Kxg7 37. Rxe8 Kg6 38. cxd5 Kg5 39. hxg3 hxg3 40.
Nf3+ Kg4 41. d6 f5 42. d7 c4 43. dxc4 f4 44. d8=Q Kf5 45. Qd7+ 1-0

[Event "UK Armed Services Championship"]
[Site "Wittering"]
[Date "2024.04.06"]
[Round "3.36"]
[White "Mulholland, Richard"]
[Black "McClennon, Dave"]
[Result "1-0"]
[WhiteElo "1000"]
[BlackElo "1586"]
[PlyCount "77"]
[EventDate "2024.04.05"]
[EventType "swiss"]
[EventRounds "7"]
[EventCountry "ENG"]
[SourceTitle "BritBase"]
[Source "John Saunders"]
[SourceDate "2024.05.09"]
[SourceVersion "1"]
[SourceVersionDate "2024.04.06"]
[SourceQuality "1"]

1. e4 c5 2. Nf3 Nc6 3. Bc4 e6 4. d4 cxd4 5. Nxd4 Bc5 6. Nb5 d5 7. Bf4 e5 8.
Qxd5 Qxd5 9. Bxd5 exf4 10. Nc7+ Ke7 11. Nxa8 Nf6 12. Bxc6 bxc6 13. Nc3 Bb4 14.
O-O-O Bxc3 15. bxc3 Be6 16. Nc7 Nxe4 17. Rhe1 Nxc3 18. Rd4 g5 19. Nxe6 fxe6 20.
Kb2 Nd5 21. Rde4 Nc7 22. g3 fxg3 23. fxg3 Rf8 24. Rb4 a6 25. Rb7 Kd7 26. Rd1+
Kc8 27. Rb6 Rf5 28. Rxc6 Kb7 29. Rc3 Rb5+ 30. Rb3 Rxb3+ 31. axb3 Nd5 32. Rf1
Kc6 33. Rf7 e5 34. Rxh7 e4 35. Rh6+ Kd7 36. Rxa6 e3 37. Ra1 Ke6 38. Re1 Kf5 39.
c4 1-0

[Event "UK Armed Services Championship"]
[Site "Wittering"]
[Date "2024.04.06"]
[Round "3.38"]
[White "Sanni-Woollams, Ryan"]
[Black "Peacock, Christopher"]
[Result "1-0"]
[WhiteElo "1160"]
[BlackElo "1436"]
[PlyCount "87"]
[EventDate "2024.04.05"]
[EventType "swiss"]
[EventRounds "7"]
[EventCountry "ENG"]
[SourceTitle "BritBase"]
[Source "John Saunders"]
[SourceDate "2024.05.09"]
[SourceVersion "1"]
[SourceVersionDate "2024.04.06"]
[SourceQuality "1"]

1. d4 Nf6 2. e3 g6 3. Bc4 d5 4. Bd3 Bg7 5. Nf3 O-O 6. O-O Bg4 7. b3 e6 8. h3
Bxf3 9. Qxf3 Nbd7 10. Nc3 c5 11. Ba3 Qa5 12. Na4 Rfe8 13. Bb2 cxd4 14. Bxd4 e5
15. c3 exd4 16. cxd4 b5 17. Nb2 a6 18. g4 Ne4 19. Rfc1 Ndc5 20. Be2 Qa3 21. Nd3
Nxd3 22. Bxd3 Nd2 23. Qxd5 Rac8 24. Rd1 Rcd8 25. Qb7 Qe7 26. Qxe7 Nf3+ 27. Kg2
Rxe7 28. Kxf3 Re6 29. a4 Bf6 30. axb5 axb5 31. Bxb5 Rb8 32. Bd7 Rd6 33. Ba4 Bh4
34. Kg2 Rf6 35. f4 Re6 36. Rd3 Rc8 37. Bd7 Rc2+ 38. Kg1 Bf2+ 39. Kf1 Bxe3 40.
Bxe6 Rf2+ 41. Ke1 fxe6 42. Rxe3 Rh2 43. Rc1 Rh1+ 44. Kd2 1-0

[Event "UK Armed Services Championship"]
[Site "Wittering"]
[Date "2024.04.06"]
[Round "3.39"]
[White "Searle, Tristan"]
[Black "Martin-Logue, Steve"]
[Result "1-0"]
[WhiteElo "1424"]
[BlackElo "1159"]
[PlyCount "61"]
[EventDate "2024.04.05"]
[EventType "swiss"]
[EventRounds "7"]
[EventCountry "ENG"]
[SourceTitle "BritBase"]
[Source "John Saunders"]
[SourceDate "2024.05.09"]
[SourceVersion "1"]
[SourceVersionDate "2024.04.06"]
[SourceQuality "1"]

1. e4 e5 2. Nf3 Nc6 3. Bb5 Nd4 4. Nxd4 a6 5. Bxd7+ Bxd7 6. Nf3 Nf6 7. O-O Bd6
8. Re1 O-O 9. d4 Bc6 10. dxe5 Nxe4 11. exd6 cxd6 12. Nbd2 Nxf2 13. Kxf2 Qb6+
14. Kf1 Bb5+ 15. c4 Bc6 16. Nb3 Rae8 17. Qd4 Qb4 18. Bd2 Rxe1+ 19. Rxe1 Qa4 20.
Bc3 f6 21. Na5 Bd7 22. Nxb7 Qxa2 23. Nxd6 g6 24. Qd5+ Kg7 25. Re7+ Kh6 26. Rxd7
Qb1+ 27. Ne1 f5 28. Nf7+ Kh5 29. Qf3+ Kh4 30. Rd4+ Qe4 31. Qh3# 1-0

[Event "UK Armed Services Championship"]
[Site "Wittering"]
[Date "2024.04.06"]
[Round "3.40"]
[White "Opaleye, Toluwaniyi"]
[Black "Sherpa, Angtshiring"]
[Result "1-0"]
[WhiteElo "1395"]
[BlackElo "1000"]
[PlyCount "93"]
[EventDate "2024.04.05"]
[EventType "swiss"]
[EventRounds "7"]
[EventCountry "ENG"]
[SourceTitle "BritBase"]
[Source "John Saunders"]
[SourceDate "2024.05.09"]
[SourceVersion "1"]
[SourceVersionDate "2024.04.06"]
[SourceQuality "1"]

1. e4 e5 2. Nf3 Nc6 3. Nc3 Nf6 4. Bc4 h6 5. O-O g5 6. d3 a6 7. h3 b5 8. Bd5
Nxd5 9. Nxd5 Bb7 10. c3 Ne7 11. Nxe7 Qxe7 12. Be3 d5 13. exd5 Bxd5 14. d4 e4
15. Ne5 h5 16. b3 a5 17. Qe2 c6 18. c4 Be6 19. Nxc6 Qc7 20. d5 Bd7 21. Bxg5 Bf5
22. cxb5 Kd7 23. g4 hxg4 24. h4 Bh6 25. Qe3 f6 26. Bxh6 Rag8 27. Bf4 Qb7 28.
Nxa5 Qa8 29. Nc4 Rxh4 30. Kg2 Qb7 31. b6 g3 32. fxg3 Bh3+ 33. Kf2 Qc8 34. gxh4
Rg2+ 35. Ke1 Kd8 36. Qxe4 Qg4 37. Qf3 Qxh4+ 38. Rf2 Rg1+ 39. Ke2 Rxa1 40. b7
Bf1+ 41. Rxf1 Rxa2+ 42. Ke3 f5 43. b8=Q+ Ke7 44. Qd6+ Ke8 45. Rg1 Qe7+ 46.
Qxe7+ Kxe7 47. Qh5 1-0

[Event "UK Armed Services Championship"]
[Site "Wittering"]
[Date "2024.04.06"]
[Round "3.41"]
[White "Johnson, Kimberley"]
[Black "Jennings, Jim"]
[Result "1-0"]
[WhiteElo "800"]
[BlackElo "1383"]
[PlyCount "53"]
[EventDate "2024.04.05"]
[EventType "swiss"]
[EventRounds "7"]
[EventCountry "ENG"]
[SourceTitle "BritBase"]
[Source "John Saunders"]
[SourceDate "2024.05.09"]
[SourceVersion "1"]
[SourceVersionDate "2024.04.06"]
[SourceQuality "1"]

1. e4 c5 2. Bc4 Nc6 3. d3 e6 4. Bf4 e5 5. Bg3 Qe7 6. Nf3 d6 7. Nc3 Bg4 8. h4 h5
9. Qd2 g6 10. Nd5 Qd7 11. Ng5 Bh6 12. f3 Be6 13. O-O-O f6 14. Kb1 Qd8 15. f4
fxg5 16. fxg5 Bg7 17. Rhf1 Nge7 18. Bb5 a6 19. Bc4 b5 20. Nf6+ Bxf6 21. Bxe6
Ng8 22. gxf6 Nxf6 23. Qg5 Qe7 24. Rxf6 Kd8 25. Qxg6 Qh7 26. Qg5 Re8 27. Rf7+
1-0

[Event "UK Armed Services Championship"]
[Site "Wittering"]
[Date "2024.04.06"]
[Round "4.1"]
[White "O'Brien, Anthony T"]
[Black "Onley, David E"]
[Result "0-1"]
[WhiteElo "1847"]
[BlackElo "2156"]
[PlyCount "52"]
[EventDate "2024.04.05"]
[EventType "swiss"]
[EventRounds "7"]
[EventCountry "ENG"]
[SourceTitle "BritBase"]
[Source "John Saunders"]
[SourceDate "2024.05.09"]
[SourceVersion "1"]
[SourceVersionDate "2024.04.06"]
[SourceQuality "1"]

1. d4 e6 2. e3 f5 3. Bd3 Nf6 4. Nd2 b6 5. f4 Bb7 6. Ngf3 Be7 7. O-O O-O 8. Qe2
Ne4 9. Ne5 d6 10. Bxe4 fxe4 11. Ng4 Qe8 12. Qc4 Bd8 13. Qb3 Qg6 14. Nf2 Nd7 15.
Nh3 c5 16. c3 Rc8 17. Ng5 c4 18. Qa4 Bc6 19. Qxc4 Bxg5 20. fxg5 Bd5 21. Rxf8+
Rxf8 22. Qc7 Qxg5 23. h3 Qxe3+ 24. Kh1 Qe1+ 25. Kh2 e3 26. Nc4 Rf1 0-1

[Event "UK Armed Services Championship"]
[Site "Wittering"]
[Date "2024.04.06"]
[Round "4.2"]
[White "Tenin, Alex"]
[Black "Millener, Richard P"]
[Result "1/2-1/2"]
[WhiteElo "2061"]
[BlackElo "1845"]
[PlyCount "54"]
[EventDate "2024.04.05"]
[EventType "swiss"]
[EventRounds "7"]
[EventCountry "ENG"]
[SourceTitle "BritBase"]
[Source "John Saunders"]
[SourceDate "2024.05.09"]
[SourceVersion "1"]
[SourceVersionDate "2024.04.06"]
[SourceQuality "1"]

1. e4 c6 2. Nc3 d5 3. Nf3 dxe4 4. Nxe4 Nf6 5. Qe2 Nxe4 6. Qxe4 Nd7 7. Bc4 Nf6
8. Ne5 e6 9. Qe2 Bd6 10. d4 h6 11. c3 O-O 12. h4 Nd5 13. Qh5 Bxe5 14. dxe5 f5
15. Bxh6 gxh6 16. Qg6+ Kh8 17. Qxh6+ Kg8 18. Qg6+ Kh8 19. Rh3 f4 20. O-O-O Qe7
21. Qh6+ Kg8 22. Rdd3 Rf7 23. g3 Rh7 24. Qg6+ Rg7 25. Qh6 Rh7 26. Qg6+ Rg7 27.
Qh6 Rh7 1/2-1/2